Top 10 Most Expensive Soccer Transfers - Statistics

General Stats
  • This quiz has been taken 58 times
  • The average score is 6 of 10
Answer Stats
Hint Answer % Correct
1. €222M Neymar Jr
100%
2. €180M Mbappé
86%
10. €117M Ronaldo
76%
3. €135M Coutinho
61%
4. €135M Dembélé
57%
8. €120M Griezmann
57%
5. €127.20M Félix
41%
6. €121M Férnandez
35%
9. €117.50M Grealish
35%
7. €120.80M Hazard
33%
No matching quizzes found
Score Distribution
Percent of People with Each Score
Percentile by Number Answered
Your Score History
You have not taken this quiz